Computers in Medicine (Record no. 6385)

MARC details
000 -LEADER
fixed length control field 00388nam a2200169Ia 4500
008 - FIXED-LENGTH DATA ELEMENTS--GENERAL INFORMATION
fixed length control field 230524s9999 xx 000 0 und d
020 ## - INTERNATIONAL STANDARD BOOK NUMBER
ISBN 0074517465
082 ## - DEWEY DECIMAL CLASSIFICATION NUMBER
Classification number 4.16
Item number LEL
100 ## - MAIN ENTRY--AUTHOR NAME
Personal name R.D. Lele
245 #0 - TITLE STATEMENT
Title Computers in Medicine
250 ## - EDITION STATEMENT
Edition statement 7TH
260 ## - PUBLICATION, DISTRIBUTION, ETC. (IMPRINT)
Place of publication NEW DELHI
Name of publisher TMH
Year of publication 1995
300 ## - PHYSICAL DESCRIPTION
Number of Pages XV;248
500 ## - GENERAL NOTE
General note Quantity Number: 1
650 ## - SUBJECT ADDED ENTRY--TOPICAL TERM
Topical Term Comp-Sc
942 ## - ADDED ENTRY ELEMENTS (KOHA)
Koha item type Books
Holdings
Lost status Damaged status Permanent Location Current Location Shelving location Date acquired Full call number Accession Number Koha item type
    Central Library, Trident Academy of Technology Central Library, Trident Academy of Technology General Stacks 05/24/2023 004.16 LEL 4219 Books
Trident Academy of Technology © 2023.
All rights reserved.                                                                                                                                                                                                        Designed by Team of Central Library .

Powered by Koha